000 00895nam a2200277 c 4500
003 BLK
005 20180420222005.0
008 180408b bul|||||r ||||||| ||bul||
010 _aKNG00053247000
020 _a3-12-517780-4
_bиздат.: Klett
040 _aBLK
041 _aDEU
_cDEU
080 _aНемски език (високонемски, стандартен писмен)
_b811.112.2
_x-318(038.1)
_z811.112.2-318(038.1)
100 1 _aSchemann, Hans
_eпърви автор
_923499
139 _aSchemann, Hans
_b
245 1 0 _aDeutsche Idiomatik
_bDie deutschen Redewendungen im Kontext
_cHans Schemann.
260 Stuttgart et al.
_bKlett
_c1993
300 _aCXI, 1037 p.
_c24 cm
380 _a80
490 1 _aPONS
852 _aЦб 187027
856 4 _qpdf
_u
856 4 _qpdf
_u
942 _cKNG
_n0
944 _aCR
_c01.01.1999
_kAB_DOS
944 _aED
_c10.02.2017
_kЛили_Борисова
999 _c49397
_d49397